000 00350nam a22001217a 4500
008 230621b xxu||||| |||| 00| 0 eng d
082 _a328.1
_bCPA
100 _cCPA
245 _aWest Parliamentary Practice and Procedure 2003
_bSummary of Proceedings: 52nd Westminster Parliamentary Seminar
260 _bCPA
_c2003
300 _a40p
942 _2ddc
_cBK
999 _c2038
_d2038